Tribhuvan University Central Library

The rainbow (Record no. 26306)

MARC details
000 -LEADER
fixed length control field 005230000a22002170004500
082 ## - DEWEY DECIMAL CLASSIFICATION NUMBER
Classification number 823.91
Item number L435r
020 ## - INTERNATIONAL STANDARD BOOK NUMBER
International Standard Book Number 1-85715-161-5
041 ## - LANGUAGE CODE
Language code of text/sound track or separate title Eng
100 ## - MAIN ENTRY--PERSONAL NAME
Personal name Lawrence, David Herbert, 1885-1930
245 ## - TITLE STATEMENT
Title The rainbow
260 ## - PUBLICATION, DISTRIBUTION, ETC. (IMPRINT)
Place of publication, distribution, etc London
Name of publisher, distributor, etc David Campbell Pub., Great Britain
260 ## - PUBLICATION, DISTRIBUTION, ETC. (IMPRINT)
Date of publication, distribution, etc 1993
300 ## - PHYSICAL DESCRIPTION
Extent xxxv.460p.
518 ## - DATE/TIME AND PLACE OF AN EVENT NOTE
Date/time and place of an event note 20020315
530 ## - ADDITIONAL PHYSICAL FORM AVAILABLE NOTE
Additional physical form available note M
650 ## - SUBJECT ADDED ENTRY--TOPICAL TERM
Topical term or geographic name as entry element English literature
650 ## - SUBJECT ADDED ENTRY--TOPICAL TERM
Topical term or geographic name as entry element English fiction
650 ## - SUBJECT ADDED ENTRY--TOPICAL TERM
Topical term or geographic name as entry element English novel
650 ## - SUBJECT ADDED ENTRY--TOPICAL TERM
Topical term or geographic name as entry element Literary forms and genres
942 ## - ADDED ENTRY ELEMENTS (KOHA)
Koha item type General Collections
Holdings
Withdrawn status Lost status Damaged status Not for loan Home library Current library Date acquired Total Checkouts Barcode Date last seen Price effective from Total Renewals Date checked out
        Tribhuvan University Central Library Tribhuvan University Central Library 06/20/2010   G55099 06/20/2010 06/20/2010    
        Tribhuvan University Central Library Tribhuvan University Central Library 06/20/2010   G55100 06/20/2010 06/20/2010    
        Tribhuvan University Central Library Tribhuvan University Central Library 06/20/2010 4 14852 08/23/2019 06/20/2010 8 01/07/2019